000 00869nam a22002537a 4500
005 20170124105920.0
010 _aB-505418
020 _c875.00
_a9789380731759
035 _aB-505418
037 _bCen Lib/Ret
040 _aDPL
_bEN
082 _a361.770954
100 _aReddy,S.K.
_94238
245 _aHow to start an NGO in India :
_cby S.K.Reddy
_bProblems and perspective /
260 _aDelhi
_bNavyug books international
_c2012
270 _aL-21/1,street no. 5 Shivaji marg near Kali mandir west Ghonda
_bDelhi
_e110053
300 _avi,280p.
_c21cm(Hb)
500 _aIncludes index
650 _aOrganisation -India
_94239
650 _aNGO,s future
_94240
650 _aसंगठन भारत
_94241
650 _aगैर सरकारी संगठन, भविष्य
_94242
942 _2ddc
_cEN
_h361.770954
_mRED
999 _c123121
_d123121